书目信息 |
| 题名: |
积分方程
|
|
| 作者: | 李星 著 | |
| 分册: | ||
| 出版信息: | 北京 科学出版社 2008.10 |
|
| 页数: | 348页 | |
| 开本: | 24cm | |
| 丛书名: | 大学数学科学 | |
| 单 册: | ||
| 中图分类: | O175.5 | |
| 科图分类: | ||
| 主题词: | 积分方程--高等学校--教材 | |
| 电子资源: | ||
| ISBN: | 978-7-03-023071-3 | |
| 000 | 01029nam 2200241 450 | |
| 001 | K8310324 | |
| 005 | 20100630141008.70 | |
| 010 | @a978-7-03-023071-3@dCNY58.00 | |
| 100 | @a20100515d2004 ekmy0chiy0121 ea | |
| 101 | 0 | @achi |
| 102 | @aCN@b110000 | |
| 105 | @ay z 000yy | |
| 200 | 1 | @a积分方程@Aji fen fang cheng@f李星著@Fli xing zhu |
| 210 | @a北京@c科学出版社@d2008.10 | |
| 215 | @a348页@d24cm | |
| 225 | 2 | @a大学数学科学 |
| 330 | @a本书是一本介绍积分方程实用解法的教材、参考书和工具书,主要内容包括了迄今为止发展起来的几乎所有类型的积分方程,积分方程与代数方程、常微分方程、偏微分方程以及解析函数边值问题的联系,各种第一类、第二类Fredholm型、Volterra型线性积分方程和Cauchy核(非周期核)及Hilbert核(单周期核)奇异积分方程的实用解法,第三类积分方程的解法,积分方程组、积分微分方程和对偶积分方程以及非线性积分方程的常用的有效解法等。 | |
| 410 | 0 | @12001 @a大学数学科学 |
| 606 | 0 | @a积分方程@x高等学校@x教材 |
| 690 | @aO175.5@v4 | |
| 701 | 0 | @a李星@Ali xing@4著 |
| 801 | 0 | @aCN@c20100515 |
| 905 | @dO175.5@eL302@f3 | |
| 积分方程/李星著.-北京:科学出版社,2008.10 |
| 348页;24cm.-(大学数学科学) |
| ISBN 978-7-03-023071-3:CNY58.00 |
| 本书是一本介绍积分方程实用解法的教材、参考书和工具书,主要内容包括了迄今为止发展起来的几乎所有类型的积分方程,积分方程与代数方程、常微分方程、偏微分方程以及解析函数边值问题的联系,各种第一类、第二类Fredholm型、Volterra型线性积分方程和Cauchy核(非周期核)及Hilbert核(单周期核)奇异积分方程的实用解法,第三类积分方程的解法,积分方程组、积分微分方程和对偶积分方程以及非线性积分方程的常用的有效解法等。 |
| ● |
| 相关链接 |
|
|
|
正题名:积分方程
索取号:O175.5/L302
 
预约/预借
| 序号 | 登录号 | 条形码 | 馆藏地/架位号 | 状态 | 备注 |